000 01102nam a2200265 i 4500
001 132794
003 ES-MaACL
005 20230906194243.0
007 t|
008 170509s1912 sp r ||||1| spa d
100 1 _aFleiner, Wilhelm.
_9162397
245 1 3 _aEnfermedades del aparato digestivo, discrásicas y alteraciones hemáticas /
_cWilhelm Fleiner, Hugo Lüthje, Erich Meyer ; versión directa del alemán por Antonio Álvarez de Cienfuegos, Gonzalo García Rodríguez.
260 _aMadrid :
_bSaturnino Calleja Fernández,
_c1912.
300 _a93 p. ;
_c25 cm.
490 1 _aAnuario de ciencias médicas. Tercera serie ;
_v3
650 0 4 _aAparato digestivo-
_xEnfermedades.
_99906
650 0 4 _aSangre-
_xEnfermedades.
_916982
700 1 _aLüthje, Hugo.
_9162577
700 0 _aMeyer, Erich.
_980784
700 1 _aAlvarez de Cienfuegos y Cobos, Antonio.
_920755
700 0 _aGarcía Rodríguez, Gonzalo.
_955198
830 0 _aAnuario de ciencias médicas. Tercera serie ;
_v3
_9186907
852 _aES-MaACL
_jB-11067(3)
_z.- Encuadernado con otras obras
999 _c132794
_d132794